000 00496nam a2200181Ia 4500
008 240925s9999 xx 000 0 und d
020 _a9788177584509
082 _a658.8 LOV
100 _aLovelock, Christopher ; Wirtz, Jochen
245 0 _aServices Marketing: people, technology, strategy
250 _a5th
260 _aNew Delhi:
_bPearson Education
_c,2006.
300 _a858p.
_b0
_fOriginal
500 _aIncludes Index
600 _aManagement
650 _aManagement
942 _cBK
999 _c14686
_d14686